000 00316nam a22001457a 4500
008 210604b ||||| |||| 00| 0 eng d
020 _a0907486959
041 _aeng
080 _22nd
_a038
082 _a038
100 _a23
101 _aFJA
245 _aDictionary of Quotations
_cPeter Opie
942 _2udc
_cBK
999 _c57977
_d57977